LEADER 04774nam 2200721Ia 450 001 9910957645203321 005 20260408012645.0 010 $a9786612169991 010 $a9781282169999 010 $a1282169998 010 $a9783110198584 010 $a3110198584 024 7 $a10.1515/9783110198584 035 $a(CKB)1000000000691481 035 $a(EBL)364684 035 $a(OCoLC)437233361 035 $a(SSID)ssj0000167731 035 $a(PQKBManifestationID)11167716 035 $a(PQKBTitleCode)TC0000167731 035 $a(PQKBWorkID)10169914 035 $a(PQKB)11656011 035 $a(MiAaPQ)EBC364684 035 $a(DE-B1597)34383 035 $a(OCoLC)979635899 035 $a(DE-B1597)9783110198584 035 $a(Au-PeEL)EBL364684 035 $a(CaPaEBR)ebr10256426 035 $a(CaONFJC)MIL216999 035 $a(Perlego)652928 035 $a(EXLCZ)991000000000691481 100 $a20070706d2007 uy 0 101 0 $aeng 135 $aur|n|---||||| 181 $ctxt 182 $cc 183 $acr 200 00$aHandbook of intercultural communication /$fedited by Helga Kotthoff and Helen Spencer-Oatey 205 $a1st ed. 210 $aBerlin ;$aNew York $cMouton de Gruyter$dc2007 215 $a1 online resource (582 p.) 225 1 $aHandbooks of applied linguistics ;$vv. 7 300 $aDescription based upon print version of record. 311 08$a9783110184716 311 08$a3110184710 320 $aIncludes bibliographical references and index. 327 $tFrontmatter --$tContents --$t1. Introduction --$tI. Multidisciplinary perspectives on intercultural communication --$tEditors' introduction --$t2. Discourse, cultural diversity and communication: a linguistic anthropological perspective --$t3. A cognitive pragmatic perspective on communication and culture --$t4. Psychological perspectives: social psychology, language, and intercultural communication --$t5. Emotion and intercultural adjustment --$t6. Multidisciplinary perspectives on intercultural conflict: the 'Bermuda Triangle' of conflict, culture and communication --$tII. Intercultural perspectives on communicative practices and processes --$tEditors' introduction --$t7. Intercultural communication and the relevance of cultural specific repertoires of communicative genres --$t8. Humour across cultures: joking in the multicultural workplace --$t9. Ritual and style across cultures --$t10. Lingua franca communication in multiethnic contexts --$t11. The impact of culture on interpreter behaviour --$tIII. Intercultural communication in different sectors of life --$tEditors' introduction --$t12. Intercultural communication in healthcare settings --$t13. Differences and difficulties in intercultural management interaction --$t14. Understanding Aboriginal silence in legal contexts --$t15. Schools and cultural difference --$t16. The cultural context of media interpretation --$t17. Cross-cultural communication in intimate relationships --$tIV. Issues and Debates --$tEditors' introduction --$t18. Discrimination in discourses --$t19. Power and dominance in intercultural communication --$t20. Communicating Identity in Intercultural Communication --$t21. Communities of practice in the analysis of intercultural communication --$tV. Assessing and developing intercultural competence --$tEditors' introduction --$t22. Intercultural competence and assessment: perspectives from the INCA Project --$t23. Intercultural Training --$t24. Adapting authentic workplace talk for workplace intercultural communication training --$tBackmatter 330 $aIn today's globalized world of international contact and multicultural interaction, effective intercultural communication is increasingly seen as a pre-requisite for social harmony and organisational success. This handbook takes a ?problem-solving? approach to the various issues that arise in real-life intercultural interaction. The editors have brought together experts from a range of disciplines, including linguistics, psychology and anthropology, to provide a multidisciplinary perspective on the field, whilst simultaneously anchoring it in Applied Linguistics. Key features: provides a state 410 0$aHandbooks of applied linguistics ;$vv. 7. 606 $aIntercultural communication 606 $aApplied linguistics 615 0$aIntercultural communication. 615 0$aApplied linguistics. 676 $a302.2 686 $aAP 12750$2rvk 701 $aKotthoff$b Helga$01800870 701 $aSpencer-Oatey$b Helen$f1952-$01899914 801 0$bMiAaPQ 801 1$bMiAaPQ 801 2$bMiAaPQ 906 $aBOOK 912 $a9910957645203321 996 $aHandbook of intercultural communication$94559528 997 $aUNINA